Audit tanggungjawab sosial perusahaan : wahana mutlak menajemen hari depan

Bibliographic Details
Main Author: Humble, John (Author)
Format: Book
Published: Jakarta : Lembaga Pendidikan dan Pembinaan Manajemen , 1981.
Subjects:

MARC

LEADER 00000cam a2200000 7i4500
001 0000008241
005 20021119093000.0
008 021119n
090 0 0 |a HD58.95   |b .H85 
100 0 |a Humble, John ,   |e author 
245 0 0 |a Audit tanggungjawab sosial perusahaan :   |b wahana mutlak menajemen hari depan   |c John Humble 
260 2 |a Jakarta :   |b Lembaga Pendidikan dan Pembinaan Manajemen ,   |c 1981. 
300 |a 113 ms. ; ;   |c 21 sm. 
650 0 |a Management audit 
999 |a 1000009276   |b Book   |c OPEN SHELF (30 DAYS)   |e Gong Badak Campus 
999 |a 1000009277   |b Book   |c OPEN SHELF (30 DAYS)   |e Gong Badak Campus